00332nam a2200133Ia 4500008004100000020001500041041001200056082001600068100001700084245004400101260002900145300000800174650001600182221030s9999 xx 000 0 und d a8170296854 aEnglish a105.23bTau aD. A. Tauber 4aThe Complete Linux Kitcby D. A. Tauber bBPB PubaNew Delhic1996 a419 aBE Computer